000 00499nam a2200193Ia 4500
005 20250508160830.0
008 008 250505s9999 xx 000 0 eng d
037 _aTextual
040 _aFEDL
_beng
_cFEDL
041 _aeng
_2eng
084 _a301.44, EVA
_qFEDL
100 _aEvans Peter
245 0 _aProtest virus
260 _aLondon, UK
_bPitman Publishing
_c1974
300 _aix.166p
650 _aSociology
942 _cTEXL
_h301.44, EVA
999 _c1366872
_d1366872